Strategic organizational communication in a global economy /
Сохранить в:
| Главный автор: | |
|---|---|
| Другие авторы: | |
| Формат: | |
| Язык: | английский |
| Опубликовано: |
Fort Worth :
Harcourt College Publishers,
c2005.
|
| Редактирование: | 6th ed. |
| Предметы: | |
| Метки: |
Нет меток, Требуется 1-ая метка записи!
|
MARC
| LEADER | 00000cam a2200000 a 4500 | ||
|---|---|---|---|
| 001 | 0000001809 | ||
| 005 | 20171002025649.0 | ||
| 008 | 091222s2002 txu b 001 0 eng | ||
| 010 | |a 2001087291 | ||
| 020 | |a 0534636217 | ||
| 035 | |a 0000043947 | ||
| 040 | |a DLC |c DLC |d EKioko | ||
| 050 | 0 | 0 | |a HD30.3 |b .C655 2005 |
| 100 | 1 | |a Conrad, Charles. | |
| 245 | 1 | 0 | |a Strategic organizational communication in a global economy / |c Charles Conrad, Marshall Scott Poole. |
| 250 | |a 6th ed. | ||
| 260 | |a Fort Worth : |b Harcourt College Publishers, |c c2005. | ||
| 300 | |a xii, 484 p. : |b ill. ; |c 25 cm. | ||
| 504 | |a Includes bibliographical references and index. | ||
| 650 | 0 | |a Communication in management. | |
| 650 | 0 | |a Communication in organizations. | |
| 650 | 0 | |a Communication |x Social aspects. | |
| 700 | 1 | |a Poole, Marshall Scott, |d 1951-. | |
| 787 | 1 | 8 | |m TBL. |
| 908 | |a 120309 | ||
| 942 | 0 | 0 | |c BK |
| 999 | |c 43217 |d 43217 | ||